000 00742nam a2200217Ia 4500
003 GCL
008 140319s9999 xx 000 0 ara d
040 _aGCL /
_cGCL
082 0 4 _a956.905
_bج س
100 1 _aجيفرى اررنسون
245 1 0 _aسياسة الامر الواقع فى الضفة الغربية : اسرائيل والفلسطنيون من حرب 1967 الى الانتفاضية . /
_cجيفرى اررنسون
700 1 _aحسن زينه
260 _a[S.N] :
_bمؤسسة الدراسات الفلسطينية ،
_c1990
300 _a404 ص
490 _a
650 0 4 _aفلسطين
650 0 4 _aاسرائيل
650 0 4 _aالاحتلال الصهيونى
650 0 4 _aسياسة
942 _2ddc
_cBK
999 _c55954
_d55954